000 00669nam a2200289Ia 4500
008 210210b2000 xxu||||| |||| 00| 0 eng d
041 _aeng
082 _a384.54 THAH
100 _aTHANGAMANI (Pon)
245 _aHistory of broadcasting in India
_bWith special reference to Tamil Nadu 1924-1954
260 _aChennai
_b-
_c2000
300 _axii,439
650 _aWith
650 _ato
650 _aTamil
650 _aspecial
650 _areference
650 _aof
650 _aNadu
650 _aIndia
650 _ain
650 _aHistory
650 _abroadcasting
650 _a1924-1954
690 _aCommunication
906 _a067276
999 _c149570
_d149570